Monopolistic Export Industries , Trade Taxes, and Optimal Competition Policy (Registro nro. 26489)

Detalles MARC
000 -LEADER
fixed length control field 00393 a2200121 4500
001 - CONTROL NUMBER
control field ART_12594
005 - DATE AND TIME OF LATEST TRANSACTION
control field 20260410161907.0
008 - FIXED-LENGTH DATA ELEMENTS--GENERAL INFORMATION
fixed length control field 260409a
100 1# - MAIN ENTRY--PERSONAL NAME
Personal name Auquier, A.
245 10 - TITLE STATEMENT
Title Monopolistic Export Industries , Trade Taxes, and Optimal Competition Policy
700 1# - ADDED ENTRY--PERSONAL NAME
Personal name Caves, Richard E.
773 0# - HOST ITEM ENTRY
Title The Economic Journal
Related parts - Vol. 89, Nº 355 (set. 1979)
Record control number REV12512

No hay ítems disponibles.